书目信息 |
| 题名: |
心灵的回响
|
|
| 作者: | 黄晓和 著 | |
| 分册: | ||
| 出版信息: | 广州 广东人民出版社 2016 |
|
| 页数: | 14,344页 | |
| 开本: | 24cm | |
| 丛书名: | ||
| 单 册: | ||
| 中图分类: | J627.7 | |
| 科图分类: | ||
| 主题词: | 交响乐--jiao xiang le--艺术评论--世界 | |
| 电子资源: | ||
| ISBN: | 978-7-218-10439-3 | |
| 000 | 00906nam0 22002411 450 | |
| 001 | 0127144115 | |
| 005 | 20170427144115.0 | |
| 010 | @a978-7-218-10439-3@dCNY42.00 | |
| 100 | @a20160413d2016 em y0chiy50 ea | |
| 101 | 0 | @achi |
| 102 | @aCN@b440000 | |
| 105 | @aag z 000yy | |
| 106 | @ar | |
| 200 | 1 | @a心灵的回响@Axin ling de hui xiang@e世界交响乐名曲赏析@f黄晓和著 |
| 210 | @a广州@c广东人民出版社@d2016 | |
| 215 | @a14,344页@c照片@d24cm | |
| 330 | @a本书分为《关于交响乐常识的问答》、《世界交响乐名曲赏析》2编,内容包括:音乐有那些分类、交响乐包括哪些体裁和形式、巴洛克风格音乐、古典主义音乐、浪漫主义音乐、民族主义音乐等。 | |
| 517 | 1 | @a世界交响乐名曲赏析@Ashi jie jiao xiang le ming qu shang xi |
| 606 | 0 | @a交响乐@Ajiao xiang le@x艺术评论@y世界 |
| 690 | @aJ627.7@v5 | |
| 701 | 0 | @a黄晓和@Ahuang xiao he@f(1935~)@4著 |
| 801 | 0 | @aCN@bTANGWEI@c20170308 |
| 905 | @b0966813-6@dJ627.7@e301@f4 | |
| 心灵的回响:世界交响乐名曲赏析/黄晓和著.-广州:广东人民出版社,2016 |
| 14,344页:照片;24cm |
| ISBN 978-7-218-10439-3:CNY42.00 |
| 本书分为《关于交响乐常识的问答》、《世界交响乐名曲赏析》2编,内容包括:音乐有那些分类、交响乐包括哪些体裁和形式、巴洛克风格音乐、古典主义音乐、浪漫主义音乐、民族主义音乐等。 |
| ● |
| 相关链接 |
|
|
|
|
正题名:心灵的回响
索取号:J627.7/301
 
预约/预借
| 序号 | 登录号 | 条形码 | 馆藏地/架位号 | 状态 | 备注 |
| 1 | 0966813 | 209668135 | 第一样本阅览室/ [索取号:J627.7/301] | 在馆 | |
| 2 | 0966814 | 209668144 | 第一借阅区/ [索取号:J627.7/301] | 在馆 | |
| 3 | 0966815 | 209668153 | 第一借阅区/ [索取号:J627.7/301] | 在馆 | |
| 4 | 0966816 | 209668162 | 第一借阅区/ [索取号:J627.7/301] | 在馆 |